000 01296nam a2200301 i 4500
001 196755
003 SpMaBN
005 20250723063409.0
008 241022s2024 xx |||||||||||00| ||spa||
017 _aSA 32-2024
_bOficina Depósito Legal Cantabria
020 _a9788412761788
040 _aSpMaBN
_bspa
_cSpMaBN
_erda
100 1 _aCuesta Terán, Álvaro
_9239295
_eaut
245 1 0 _aTrozucos :
_bel valor y deber en la vida de una mujer cántabra /
_cÁlvaro María Cuesta Terán ; prólogo de José Antonio González Gómez "MARNAY"
260 _aSantander :
_bEdiciones Tantín,
_c2024
300 _a323 páginas ;
_c21 cm
336 _aTexto
_2rdacontent
337 _asin mediación
_2rdamedia
338 _avolumen
_2rdacarrier
600 1 4 _aValle, Delfina Matilde del,
_d1885-1964
_9241370
700 1 _aGonzález Gómez, José Antonio
_eaui
_9241371
852 _aES-MaACL
_cDEPOJ
_jN-10179
_gDedicatoria autógrafa del autor
_hDonación: Álvaro María Cuesta Terán
_xEncuadernación rústica con solapas
_9206306
903 _9239295
_aCuesta Terán, Álvaro
_ednr
942 _cMONOGRAFIA
_n0
999 _c196755
_d196755